000 01021pam a2200325 i 4500
001 1743866
003 OSt
005 20140310184344.0
008 750630s1975 nyua j 000 0beng
010 _a 75015819
020 _a9780590430524
040 _aDLC
_cDLC
_dDLC
042 _alcac
050 0 0 _aE 275
_b.M478 1975
100 1 _aMcGovern, Ann.
_95437
245 1 4 _aThe secret soldier :
_bthe story of Deborah Sampson /
_cby Ann McGovern ; illustrated by Ann Grifalconi.
260 _aNew York :
_bscholastic
_c1975
300 _a63 p. :
_bill. ;
_c19 cm.
521 _aG3
526 _c590
600 1 0 _aGannett, Deborah Sampson,
_d1760-1827
_xJuvenile literature.
_924700
600 1 1 _aGannett, Deborah Sampson,
_d1760-1827.
_924701
650 1 _aSoldiers.
_910384
651 1 _aUnited States
_xHistory
_yRevolution, 1775-1783.
_924702
700 1 _aGrifalconi, Ann.
_924703
906 _a7
_bcbc
_corignew
_d1
_eocip
_f19
_gy-gencatlg
942 _2lcc
_cBK-SCHOLAS
999 _c33850
_d33850